Guía de paradores nacionales de turismo
Descripción Física:
29 x 21 cm
Materias:
Paradors nacionals -- Espanya -- Guies
MARC
| LEADER | 00000nam a2200000Ia 4500 | ||
|---|---|---|---|
| 001 | 13647 | ||
| 008 | 160829s9999 xx 000 0 cat d | ||
| 080 | |a B-1-410 | ||
| 245 | |a Guía de paradores nacionales de turismo | ||
| 260 | |a [S.l.] : |b Aldo - Unión, DL 1974 | ||
| 300 | |a 29 x 21 cm | ||
| 590 | |a En estoig contenint fulletons dels diferents paradors nacionals | ||
| 650 | |a Paradors nacionals |x Espanya |x Guies |9 48758 | ||
| 901 | |a Arxiu | ||
| 942 | |n 1 | ||
| 952 | |0 0 |1 0 |4 0 |6 B1410 |7 1 |9 54831 |a Arxiu |b Arxiu |d 2016-12-01 |l 0 |o B-1-410 |p 13647 |r 2016-12-01 00:00:00 |w 2016-12-01 |y ARXIU | ||
| 999 | |c 58701 |d 58701 | ||